000 00326 a2200145 4500
001 164976
020 _a
040 _cMagnum
100 _aGainza, Violeta Hemsy de
240 1 0 _aEstudos de psicopedagogia musical
_lpor
245 1 0 _aEstudos de psicopedagogia musical
362 0 _a1899
697 _aMUSICA
942 _cBK
999 _c164976
_d164976